[Event "XLI Olimpiadi (San Marino)"]
[Site "Tromso NOR"]
[Date "2014.08.03"]
[Round "2.3"]
[White "Rakotoniaina, Antsiva"]
[Black "Cecchetti, Roberto"]
[WhiteElo "2014"]
[BlackElo "1933"]
[Result "1-0"]
[Annotator "SMR-MAD"]
[PlyCount "69"]
[EventDate "2014.08.02"]

1. d4 Nf6 2. Nc3 d6 3. Bg5 c6 4. e4 Qa5 5. Bd2 e5 6. Nf3 exd4 7. Nxd4 Qb6 8.
Nb3 Be7 9. Be2 O-O 10. O-O Re8 11. Bf4 Qc7 12. a4 a5 13. Qd2 Nbd7 14. Rfd1 Ne5
15. Nd4 h6 16. h3 Bf8 17. Bg3 Bd7 18. f4 Ng6 19. Bf3 Rad8 20. Qf2 Bc8 21. Kh1
Qb6 22. Ra3 Nd7 23. h4 Nc5 24. Nb3 Qc7 25. h5 Nxb3 26. Rxb3 Ne7 27. f5 Kh7 28.
Bf4 Rd7 29. Nb1 g6 30. Rbd3 Red8 31. hxg6+ fxg6 32. Qg3 g5 33. Bxd6 Rxd6 34.
Rxd6 Nxf5 35. Rxh6+ 1-0

[Event "XLI Olimpiadi (San Marino)"]
[Site "Tromso NOR"]
[Date "2014.08.03"]
[Round "2.4"]
[White "Maccapani, Massimiliano"]
[Black "Ramasindraibe, Girard"]
[WhiteElo "2032"]
[BlackElo "2065"]
[Result "1/2-1/2"]
[Annotator "SMR-MAD"]
[PlyCount "143"]
[EventDate "2014.08.02"]

1. d4 Nf6 2. Nf3 g6 3. Nc3 d5 4. Bf4 Bg7 5. h4 c5 6. e3 Nc6 7. Nb5 O-O 8. Nc7
e5 9. dxe5 Qxc7 10. exf6 Qa5+ 11. Qd2 Qxd2+ 12. Kxd2 Bxf6 13. c3 Bf5 14. Bg5
Bg7 15. Bb5 Rac8 16. Rac1 a6 17. Bd3 Bg4 18. Be2 Rfe8 19. Rhe1 Be6 20. b3 Ne7
21. h5 f6 22. Bf4 g5 23. Bh2 Bf8 24. Ng1 Rcd8 25. Kc2 Nc8 26. Rcd1 Nd6 27. Bxd6
Bxd6 28. Nh3 Bc7 29. Kb2 Kg7 30. g4 Bc8 31. Bf3 b5 32. Ng1 Ba5 33. Ne2 Be6 34.
Ng3 d4 35. exd4 cxd4 36. Ne2 Bc8 37. Rg1 dxc3+ 38. Nxc3 Bb6 39. Ne4 Bd4+ 40.
Kc1 Rd7 41. Rg2 Bb7 42. Nxg5 Bxf3 43. Nxf3 Bb2+ 44. Kxb2 Rxd1 45. Nh4 b4 46.
Nf5+ Kf7 47. f4 Ree1 48. g5 Rb1+ 49. Kc2 fxg5 50. fxg5 Rg1 51. g6+ hxg6 52.
hxg6+ Kf6 53. Rxg1 Rxg1 54. Nd4 Rg2+ 55. Kd3 Rxa2 56. Kc4 Rg2 57. Kxb4 Ke5 58.
Nc6+ Kd6 59. Nb8 Kc7 60. Nxa6+ Kb6 61. Nb8 Rg4+ 62. Ka3 Rxg6 63. Nd7+ Kb5 64.
Ne5 Re6 65. Nc4 Ra6+ 66. Kb2 Kb4 67. Ne3 Rh6 68. Nc2+ Kc5 69. Kc3 Rh3+ 70. Kb2
Rg3 71. Ka3 Rc3 72. Kb2 1/2-1/2

[Event "XLI Olimpiadi (San Marino)"]
[Site "Tromso NOR"]
[Date "2014.08.04"]
[Round "3.3"]
[White "Maccapani, Massimiliano"]
[Black "Lima Dos Santos, Osvaldo"]
[WhiteElo "2032"]
[BlackElo "1751"]
[Result "1-0"]
[Annotator "SMR-STP"]
[PlyCount "145"]
[EventDate "2014.08.02"]

1. d4 d5 2. Nf3 Nf6 3. c4 e6 4. e3 c6 5. Nc3 Be7 6. Bd3 dxc4 7. Bxc4 b5 8. Bd3
a6 9. O-O Bb7 10. Qe2 Nbd7 11. Rd1 Qc7 12. e4 e5 13. h3 O-O 14. Bg5 h6 15. Bh4
exd4 16. Nxd4 Ne5 17. Bg3 Nh7 18. Rac1 Bf6 19. Nd5 Qd6 20. Nf5 Qd8 21. Nde7+
Bxe7 22. Bxe5 Bf6 23. Bxf6 Qxf6 24. e5 Qg5 25. h4 Qf4 26. g3 Qb4 27. a3 Qb3 28.
Qg4 g6 29. Nxh6+ Kg7 30. Nf5+ Kh8 31. Nd6 Bc8 32. Qe2 Qe6 33. Rxc6 Qh3 34. Nxc8
Rfxc8 35. Rxc8+ Rxc8 36. Be4 Re8 37. Bc6 Re7 38. Re1 Kg7 39. Bg2 Qe6 40. f4
Qb6+ 41. Qf2 Qxf2+ 42. Kxf2 Rc7 43. Bh3 Nf8 44. Ke3 Rc2 45. Re2 Rc1 46. Kf3 a5
47. e6 fxe6 48. Bxe6 Rc7 49. Bg4 b4 50. axb4 axb4 51. Re4 Rb7 52. Rc4 Kf6 53.
Rc6+ Kg7 54. Bc8 Rb8 55. g4 Nh7 56. g5 Nf8 57. f5 b3 58. Be6 Nxe6 59. fxe6 Rb4
60. Kg3 Re4 61. Rc3 Rxe6 62. Rxb3 Re1 63. Rb7+ Kg8 64. b4 Rg1+ 65. Kf4 Rh1 66.
Ke5 Rf1 67. b5 Kf8 68. Ke6 Rf4 69. b6 Kg8 70. Rc7 Re4+ 71. Kf6 Rd4 72. b7 Rd6+
73. Ke7 1-0

[Event "XLI Olimpiadi (San Marino)"]
[Site "Tromso NOR"]
[Date "2014.08.05"]
[Round "4.1"]
[White "Bah, Ebrima"]
[Black "Righi, Ezio"]
[WhiteElo "2070"]
[BlackElo "2085"]
[Result "1-0"]
[Annotator "SMR-GAM"]
[PlyCount "61"]
[EventDate "2014.08.02"]

1. e4 c5 2. c3 Nf6 3. e5 Nd5 4. d4 cxd4 5. cxd4 e6 6. a3 d6 7. Nf3 Nc6 8. Bd3
Qc7 9. exd6 Bxd6 10. O-O O-O 11. Nc3 Nxc3 12. bxc3 Ne7 13. c4 Ng6 14. g3 b6 15.
Ng5 h6 16. Ne4 Be7 17. Qh5 Bb7 18. Be3 Rfd8 19. Rad1 Bf8 20. Nc3 Ne7 21. f3 g6
22. Qh3 Kh7 23. Bf4 Qd7 24. Be4 Bg7 25. Kh1 Rac8 26. Bxb7 Qxb7 27. Ne4 Qc6 28.
Bg5 Rd7 29. Nf6+ Bxf6 30. Qxh6+ Kg8 31. Bxf6 1-0

[Event "XLI Olimpiadi (San Marino)"]
[Site "Tromso NOR"]
[Date "2014.08.05"]
[Round "4.2"]
[White "Cecchetti, Roberto"]
[Black "Dalliah, Joseph"]
[WhiteElo "1933"]
[BlackElo "2060"]
[Result "0-1"]
[Annotator "SMR-GAM"]
[PlyCount "74"]
[EventDate "2014.08.02"]

1. d4 d5 2. Nf3 Bf5 3. Bf4 Nc6 4. e3 a6 5. c4 e6 6. Nc3 Nf6 7. Ne5 Bb4 8. Nxc6
Bxc3+ 9. bxc3 bxc6 10. Qa4 Qd7 11. Qa5 Ne4 12. c5 Ra7 13. f3 Nf6 14. g4 Bg6 15.
h4 h6 16. h5 Bh7 17. g5 hxg5 18. Bxg5 Ng8 19. Qb4 Qc8 20. Qa5 Bg6 21. h6 Nxh6
22. Rh2 Kd7 23. c4 Nf5 24. Rxh8 Qxh8 25. cxd5 exd5 26. Bf4 Nxd4 27. exd4 Qh4+
28. Ke2 Qxf4 29. Qb4 Ra8 30. Kf2 Re8 31. Bh3+ f5 32. Bg2 Re4 33. Rh1 Qe3+ 34.
Kg3 f4+ 35. Kh2 Rxd4 36. Bh3+ Ke7 37. Qb8 Qf2+ 0-1

[Event "XLI Olimpiadi (San Marino)"]
[Site "Tromso NOR"]
[Date "2014.08.05"]
[Round "4.4"]
[White "Grassi, Enrico"]
[Black "Lemon, Eliman"]
[WhiteElo "2020"]
[BlackElo "1884"]
[Result "1-0"]
[Annotator "SMR-GAM"]
[PlyCount "31"]
[EventDate "2014.08.02"]

1. e4 c5 2. d4 e6 3. Nf3 Nf6 4. e5 Nd5 5. c4 Ne7 6. d5 exd5 7. cxd5 d6 8. Bb5+
Bd7 9. Bxd7+ Qxd7 10. Nc3 Ng6 11. O-O Be7 12. exd6 Qxd6 13. Ne4 Qb6 14. d6 Bf8
15. Re1 Nd7 16. Nf6+ 1-0

[Event "XLI Olimpiadi (San Marino)"]
[Site "Tromso NOR"]
[Date "2014.08.06"]
[Round "5.1"]
[White "Righi, Ezio"]
[Black "Prasad, Calvin"]
[WhiteElo "2085"]
[BlackElo "2011"]
[Result "1/2-1/2"]
[Annotator "SMR-FIJ"]
[PlyCount "63"]
[EventDate "2014.08.02"]

1. e4 c6 2. c4 d5 3. exd5 cxd5 4. cxd5 Nf6 5. Nc3 g6 6. Bc4 Bg7 7. Nf3 O-O 8.
O-O Nbd7 9. Re1 Nb6 10. Qb3 Nxc4 11. Qxc4 e6 12. d4 Nxd5 13. Nxd5 Qxd5 14. Qxd5
exd5 15. Bf4 Be6 16. Rac1 Rac8 17. h3 Rxc1 18. Rxc1 Rc8 19. Rxc8+ Bxc8 20. Ne5
Kf8 21. Kf1 Ke7 22. Ke2 Bf5 23. Be3 Be4 24. f3 Bb1 25. a3 Ke6 26. Nd3 Bxd3+ 27.
Kxd3 b5 28. Bd2 Bf8 29. Ke2 Bd6 30. g4 h5 31. Kf2 Be7 32. Ke2 1/2-1/2

[Event "XLI Olimpiadi (San Marino)"]
[Site "Tromso NOR"]
[Date "2014.08.06"]
[Round "5.2"]
[White "Kumar, Manoj"]
[Black "Volpinari, Danilo"]
[WhiteElo "1987"]
[BlackElo "2001"]
[Result "1/2-1/2"]
[Annotator "SMR-FIJ"]
[PlyCount "63"]
[EventDate "2014.08.02"]

1. c4 Nf6 2. g3 e6 3. Bg2 d5 4. d4 Be7 5. Nc3 c6 6. Nf3 O-O 7. O-O Nbd7 8. Qc2
b6 9. Bf4 Bb7 10. Rfd1 Nh5 11. Be3 f5 12. Bc1 Rc8 13. cxd5 cxd5 14. Qd3 Rc6 15.
Bd2 h6 16. Rac1 a6 17. a3 Bd6 18. Na2 Qa8 19. Bb4 Bxb4 20. Nxb4 Rxc1 21. Rxc1
Rc8 22. Qd2 Nhf6 23. Nd3 Ne4 24. Qd1 a5 25. Nfe5 Nxe5 26. Nxe5 Ba6 27. e3 Qb7
28. Bf3 Bb5 29. Bh5 Nd6 30. Kg2 Be8 31. Bxe8 Nxe8 32. b4 1/2-1/2

[Event "XLI Olimpiadi (San Marino)"]
[Site "Tromso NOR"]
[Date "2014.08.06"]
[Round "5.3"]
[White "Maccapani, Massimiliano"]
[Black "Goundar, Sanmogam"]
[WhiteElo "2032"]
[BlackElo "1952"]
[Result "1/2-1/2"]
[Annotator "SMR-FIJ"]
[PlyCount "82"]
[EventDate "2014.08.02"]

1. d4 Nf6 2. Nf3 g6 3. Nc3 Bg7 4. Bf4 d5 5. e3 O-O 6. Be2 Bg4 7. Ne5 Bxe2 8.
Qxe2 c6 9. h4 Nbd7 10. h5 Nxe5 11. dxe5 Ne4 12. Nxe4 dxe4 13. hxg6 Qa5+ 14. c3
fxg6 15. Qg4 Rf7 16. Qg3 Bh8 17. a3 Rd8 18. e6 Rf5 19. Bc7 Bxc3+ 20. Kf1 Qb5+
21. Kg1 Qxb2 22. Rf1 Re8 23. Qh4 Rh5 24. Qxe4 Rxh1+ 25. Kxh1 Qe2 26. Kg1 Rf8
27. Bg3 Rd8 28. Qa4 a5 29. Qb3 Qb2 30. Rb1 Qxb3 31. Rxb3 Bf6 32. Bc7 Rd1+ 33.
Kh2 b5 34. Bxa5 Rd6 35. a4 bxa4 36. Ra3 Rxe6 37. Rxa4 c5 38. Rc4 Rc6 39. f4 Kf7
40. Bb4 Re6 41. Bxc5 Rc6 1/2-1/2

[Event "XLI Olimpiadi (San Marino)"]
[Site "Tromso NOR"]
[Date "2014.08.06"]
[Round "5.4"]
[White "Sikivou, Taione"]
[Black "Grassi, Enrico"]
[WhiteElo "1817"]
[BlackElo "2020"]
[Result "0-1"]
[Annotator "SMR-FIJ"]
[PlyCount "106"]
[EventDate "2014.08.02"]

1. e4 d6 2. d4 Nf6 3. Bd3 e5 4. d5 c6 5. c4 Na6 6. Nc3 Nc5 7. Nge2 Be7 8. O-O
O-O 9. Bc2 a5 10. f4 exf4 11. Bxf4 Qb6 12. Be3 Ng4 13. Bd4 Bf6 14. Rxf6 Nxf6
15. Na4 Qc7 16. Nxc5 dxc5 17. Bxc5 cxd5 18. Bxf8 Kxf8 19. cxd5 Ng4 20. g3 Ne3
21. Qd2 Nxc2 22. Rc1 Qb6+ 23. Kh1 Ne3 24. Nd4 Ng4 25. Rf1 Qh6 26. Rf4 Ne5 27.
Qc3 Nd7 28. Ne6+ Kg8 29. Qc7 f6 30. Qd8+ Kf7 31. Nc7 Nf8 32. e5 Rb8 33. Qe8+
Kg8 34. e6 Qg6 35. Qd8 Qb1+ 36. Kg2 Qc2+ 37. Rf2 Qe4+ 38. Kg1 Qe1+ 39. Kg2 Qe4+
40. Kg1 Qe1+ 41. Kg2 Qe4+ 42. Kg1 Bxe6 43. Qe7 Bxd5 44. Nxd5 Qxd5 45. Qc7 Re8
46. Qc3 Nd7 47. a3 Ne5 48. b3 Rd8 49. b4 axb4 50. axb4 h6 51. Qa3 Ng4 52. Ra2
Re8 53. Ra1 Re2 0-1

[Event "XLI Olimpiadi (San Marino)"]
[Site "Tromso NOR"]
[Date "2014.08.08"]
[Round "6.1"]
[White "Soriano, Rudolph P."]
[Black "Righi, Ezio"]
[WhiteElo "1802"]
[BlackElo "2085"]
[Result "0-1"]
[Annotator "SMR-GUM"]
[PlyCount "88"]
[EventDate "2014.08.02"]

1. Nf3 Nf6 2. b3 d5 3. Bb2 e6 4. e3 Be7 5. d4 O-O 6. Bd3 Nbd7 7. Nbd2 c5 8. O-O
b6 9. Rc1 cxd4 10. exd4 Bb7 11. Re1 Rc8 12. c3 Qc7 13. Bb1 Bd6 14. c4 Qb8 15.
Ne5 Rfd8 16. Qe2 Nf8 17. Nf1 Qa8 18. f3 Qb8 19. Qf2 N6d7 20. Qh4 Nxe5 21. dxe5
Bc5+ 22. Kh1 dxc4 23. Rxc4 Ba6 24. Rg4 Bd3 25. Bxd3 Rxd3 26. Qg5 Ng6 27. Ng3
Be7 28. Qh5 Rc2 29. Ba1 Qd8 30. Rge4 Rdd2 31. Nf1 Rxg2 32. Rd4 Qa8 33. Red1
Rgf2 34. R4d3 Nf4 35. Bd4 Nxh5 36. Bxf2 Rxf2 37. Nd2 Nf4 38. Re3 Bb4 39. Ne4
Rxf3 40. Rxf3 Qxe4 41. Rdf1 g5 42. h3 h5 43. Kh2 Qxe5 44. Kh1 Bc5 0-1

[Event "XLI Olimpiadi (San Marino)"]
[Site "Tromso NOR"]
[Date "2014.08.08"]
[Round "6.2"]
[White "Volpinari, Danilo"]
[Black "Orio, Rogelio L."]
[WhiteElo "2001"]
[BlackElo "1755"]
[Result "1-0"]
[Annotator "SMR-GUM"]
[PlyCount "77"]
[EventDate "2014.08.02"]

1. d4 Nf6 2. Nc3 d5 3. Bg5 Nbd7 4. Qd3 c6 5. Nf3 Qc7 6. O-O-O e5 7. Bxf6 gxf6
8. e4 exd4 9. Nxd4 Ne5 10. Qg3 h5 11. h4 Bg4 12. Be2 Bd6 13. Bxg4 Nxg4 14. Qf3
dxe4 15. Nxe4 O-O-O 16. Qf5+ Kb8 17. Nxd6 Rxd6 18. Qf4 c5 19. Ne2 Rxd1+ 20.
Rxd1 Re8 21. Rd7 Qxf4+ 22. Nxf4 Nxf2 23. Rxf7 Rd8 24. c3 Ne4 25. Nxh5 Rd6 26.
Nf4 Ng3 27. h5 f5 28. Rh7 a5 29. h6 Rd8 30. Rg7 Ka7 31. Rxg3 Rh8 32. Rg6 Rh7
33. Ne6 a4 34. a3 c4 35. Ng5 Re7 36. Re6 Rc7 37. h7 Rg7 38. h8=Q Rxg5 39. Qd4+
1-0

[Event "XLI Olimpiadi (San Marino)"]
[Site "Tromso NOR"]
[Date "2014.08.09"]
[Round "7.1"]
[White "Righi, Ezio"]
[Black "Rahman, Ziaur"]
[WhiteElo "2085"]
[BlackElo "2523"]
[Result "0-1"]
[Annotator "SMR-BAN"]
[PlyCount "90"]
[EventDate "2014.08.02"]

1. e4 g6 2. d4 Bg7 3. Nc3 c6 4. Nf3 d6 5. Be3 Nf6 6. Qd2 Qa5 7. Bd3 Bg4 8.
O-O-O Nbd7 9. h3 Bxf3 10. gxf3 b5 11. Kb1 b4 12. Ne2 c5 13. f4 c4 14. Bxc4 Nxe4
15. Qd3 Nef6 16. Ng3 d5 17. Bb5 Rb8 18. Bxd7+ Kxd7 19. Bd2 Qb5 20. Qxb5+ Rxb5
21. f5 Ne8 22. Bf4 Nd6 23. Bxd6 Kxd6 24. h4 e6 25. fxe6 fxe6 26. f4 Rf8 27. Ne2
Bh6 28. Rdf1 Rf5 29. Rh3 Rb7 30. c3 bxc3 31. Rxc3 Rh5 32. Rh3 g5 33. fxg5 Bxg5
34. Rfh1 Bf6 35. Kc2 Rf5 36. b3 Rg7 37. h5 Rf2 38. Kd3 Rgg2 39. Re1 h6 40. a3
Bg5 41. b4 Kc6 42. Ng1 Ra2 43. Rxe6+ Kb7 44. Re2 Rxa3+ 45. Kc2 Rxe2+ 0-1

[Event "XLI Olimpiadi (San Marino)"]
[Site "Tromso NOR"]
[Date "2014.08.09"]
[Round "7.2"]
[White "Hossain, Enamul"]
[Black "Cecchetti, Roberto"]
[WhiteElo "2421"]
[BlackElo "1933"]
[Result "1-0"]
[Annotator "SMR-BAN"]
[PlyCount "55"]
[EventDate "2014.08.02"]

1. e4 c5 2. Nf3 g6 3. d3 Bg7 4. g3 Nc6 5. Bg2 Nf6 6. O-O O-O 7. c3 d5 8. Nbd2
e6 9. Re1 Qc7 10. Nb3 b6 11. Bf4 Qb7 12. Bg5 h6 13. Bxf6 Bxf6 14. exd5 exd5 15.
d4 c4 16. Nbd2 b5 17. Ne5 Ne7 18. Qf3 Bg7 19. a4 Be6 20. Qe2 Bxe5 21. Qxe5 Kh7
22. h4 Nc6 23. Qf6 bxa4 24. h5 Rae8 25. Nxc4 dxc4 26. d5 Qxb2 27. dxe6 Ne5 28.
exf7 1-0

[Event "XLI Olimpiadi (San Marino)"]
[Site "Tromso NOR"]
[Date "2014.08.09"]
[Round "7.3"]
[White "Maccapani, Massimiliano"]
[Black "Minhazuddin, Ahmed"]
[WhiteElo "2032"]
[BlackElo "2418"]
[Result "0-1"]
[Annotator "SMR-BAN"]
[PlyCount "66"]
[EventDate "2014.08.02"]

1. d4 Nf6 2. Nf3 e6 3. e3 b6 4. Bd3 Bb7 5. O-O c5 6. b3 Be7 7. Bb2 O-O 8. Nbd2
cxd4 9. Nxd4 d5 10. c4 Nbd7 11. cxd5 Nc5 12. Be2 Nxd5 13. a3 a5 14. Nc4 Bf6 15.
Qc2 Rc8 16. Rfd1 Qe7 17. g3 Nd7 18. Qb1 g6 19. Bf1 Nc7 20. Bg2 Bxg2 21. Kxg2
Na6 22. Nf3 Ndc5 23. Bxf6 Qxf6 24. Nd6 Rcd8 25. b4 Na4 26. Ne4 Qf5 27. Qc2 b5
28. Rac1 Rxd1 29. Rxd1 axb4 30. Nd4 Qe5 31. Nf3 Qb2 32. Qc6 bxa3 33. Rd2 Qb1
0-1

[Event "XLI Olimpiadi (San Marino)"]
[Site "Tromso NOR"]
[Date "2014.08.09"]
[Round "7.4"]
[White "Murshed, Niaz"]
[Black "Grassi, Enrico"]
[WhiteElo "2453"]
[BlackElo "2020"]
[Result "1-0"]
[Annotator "SMR-BAN"]
[PlyCount "66"]
[EventDate "2014.08.02"]

1. d4 Nf6 2. c4 g6 3. Nc3 Bg7 4. e4 d6 5. Be2 O-O 6. Bg5 h6 7. Be3 c5 8. d5 e6
9. Nf3 exd5 10. exd5 Re8 11. O-O a6 12. h3 Nbd7 13. Qd2 Kh7 14. Bd3 b5 15. cxb5
axb5 16. Bxb5 Qa5 17. Bc6 Ba6 18. Rfd1 Rab8 19. Rac1 Re7 20. b3 Bb7 21. a4 Qa8
22. Bf4 Ne8 23. Re1 Rxe1+ 24. Rxe1 Bxc6 25. dxc6 Qxc6 26. Nb5 Ne5 27. Nxe5 dxe5
28. Bxe5 Bxe5 29. Rxe5 Nc7 30. Re7 Nxb5 31. Rxf7+ Kg8 32. axb5 Rxb5 33. Re7 Rb8
1-0

[Event "XLI Olimpiadi (San Marino)"]
[Site "Tromso NOR"]
[Date "2014.08.10"]
[Round "8.1"]
[White "Khairallah, Faisal"]
[Black "Volpinari, Danilo"]
[WhiteElo "2307"]
[BlackElo "2001"]
[Result "0-1"]
[Annotator "SMR-LIB"]
[PlyCount "96"]
[EventDate "2014.08.02"]

1. g3 d5 2. Bg2 Nf6 3. d3 c6 4. f4 Nbd7 5. Nf3 Qc7 6. d4 Ne4 7. e3 Ndf6 8. Ne5
g6 9. g4 h5 10. g5 Ng4 11. Bxe4 dxe4 12. Nc4 f6 13. h3 b5 14. Nca3 fxg5 15.
hxg4 Bxg4 16. Qd2 Bh6 17. Qh2 gxf4 18. exf4 O-O-O 19. c3 Rhf8 20. Nc2 e5 21. a4
Bxf4 22. Bxf4 Rxf4 23. axb5 Rdf8 24. Ne3 Rf2 25. Rf1 Rxh2 26. Rxf8+ Kb7 27.
bxc6+ Qxc6 28. Rf7+ Bd7 29. d5 Qb5 30. Rxd7+ Qxd7 31. Nd2 Qh3 32. Nef1 Rh1 33.
O-O-O Qd3 34. d6 e3 35. Nxe3 Rxd1+ 36. Nxd1 Qxd6 37. Nc4 Qc5 38. Nde3 h4 39. b4
Qc7 40. Na5+ Kc8 41. Nd5 Qf7 42. Nc6 h3 43. c4 h2 44. Kc2 h1=Q 45. b5 Qf2+ 46.
Kc3 Qhe1+ 47. Kb3 Qb1+ 48. Ka3 Qfa2# 0-1

[Event "XLI Olimpiadi (San Marino)"]
[Site "Tromso NOR"]
[Date "2014.08.10"]
[Round "8.2"]
[White "Cecchetti, Roberto"]
[Black "Kassis, Antoine"]
[WhiteElo "1933"]
[BlackElo "2157"]
[Result "0-1"]
[Annotator "SMR-LIB"]
[PlyCount "144"]
[EventDate "2014.08.02"]


1. d4 Nf6 2. Nf3 c5 3. e3 g6 4. c3 b6 5. Qb3 Bg7 6. Be2 O-O 7. O-O d6 8. a4 a6
9. Na3 Nbd7 10. Rd1 Qc7 11. Bd2 Bb7 12. Rac1 Ne4 13. Be1 Rfc8 14. Bc4 e6 15.
Qc2 d5 16. Bf1 Qd6 17. Qb1 c4 18. Nd2 Nxd2 19. Bxd2 Nf6 20. f3 Qd7 21. b3 Bf8
22. Nc2 Bc6 23. bxc4 Bxa4 24. cxd5 Qxd5 25. c4 Qd8 26. Re1 b5 27. Qa2 Qd7 28.
Bc3 bxc4 29. e4 Bb3 30. Qa1 Qa4 31. Ne3 Qxa1 32. Rxa1 Bg7 33. Ra5 Nd7 34. Rea1
Nb8 35. f4 Nc6 36. Rxa6 Rxa6 37. Rxa6 Nxd4 38. Kf2 Nb5 39. Bd2 Bd4 40. Kf3 c3
41. Bc1 Bxe3 42. Kxe3 Bc4 43. Bxc4 Rxc4 44. Kd3 Rd4+ 45. Kc2 Rxe4 46. Rb6 Re2+
47. Kd3 Re1 48. Rxb5 Rxc1 49. Rg5 Kg7 50. Rg3 Rf1 51. Kxc3 Rxf4 52. Kd3 Ra4 53.
Ke2 Ra2+ 54. Ke1 h5 55. Kf1 h4 56. Re3 g5 57. Re5 Kf6 58. Re3 e5 59. Rc3 g4 60.
h3 gxh3 61. Rf3+ Kg5 62. Rxh3 f5 63. Rc3 e4 64. Rc8 e3 65. Rg8+ Kf4 66. Rh8 Kg3
67. Rg8+ Kh2 68. g3 Rf2+ 69. Ke1 hxg3 70. Rh8+ Kg2 71. Rg8 f4 72. Rg6 f3 0-1

[Event "XLI Olimpiadi (San Marino)"]
[Site "Tromso NOR"]
[Date "2014.08.10"]
[Round "8.3"]
[White "Chahrour, Ibrahim"]
[Black "Maccapani, Massimiliano"]
[WhiteElo "2170"]
[BlackElo "2032"]
[Result "1-0"]
[Annotator "SMR-LIB"]
[PlyCount "43"]
[EventDate "2014.08.02"]

1. e4 e6 2. d4 c5 3. Nf3 cxd4 4. Nxd4 a6 5. Bd3 d6 6. O-O Nc6 7. Nxc6 bxc6 8.
c4 Nf6 9. Nc3 Be7 10. Qe2 e5 11. f4 Qc7 12. f5 Bb7 13. Be3 h5 14. Kh1 Kf8 15.
Rac1 Qd8 16. Na4 Nd7 17. c5 Qa5 18. cxd6 Bxd6 19. Qc2 Kg8 20. Rfd1 Qc7 21. Bc4
c5 22. Qc3 1-0

[Event "XLI Olimpiadi (San Marino)"]
[Site "Tromso NOR"]
[Date "2014.08.10"]
[Round "8.4"]
[White "Grassi, Enrico"]
[Black "Bassel, Charaf"]
[WhiteElo "2020"]
[BlackElo "2160"]
[Result "0-1"]
[Annotator "SMR-LIB"]
[PlyCount "82"]
[EventDate "2014.08.02"]

1. e4 e5 2. Bc4 Bc5 3. Nf3 Nc6 4. b4 Bxb4 5. c3 Be7 6. O-O Nf6 7. d4 d6 8. Ng5
O-O 9. Qb3 d5 10. exd5 Na5 11. Qa4 Nxc4 12. Qxc4 exd4 13. Qxd4 Qxd5 14. Re1
Qxd4 15. cxd4 Bb4 16. Bd2 Bd6 17. Nc3 c6 18. Nce4 Nxe4 19. Nxe4 Bc7 20. Rac1
Rd8 21. Nc5 h6 22. Be3 Bd6 23. Nb3 Be6 24. Re2 Bxb3 25. axb3 Bc7 26. Rc4 Bb6
27. f3 Rd5 28. Bf2 Rb5 29. b4 Kf8 30. Bg3 Rd5 31. Bf2 Rad8 32. g4 Bxd4 33. b5
Bxf2+ 34. Kxf2 cxb5 35. Rc7 R5d7 36. Rec2 b4 37. Kg3 b3 38. Rxd7 Rxd7 39. Rc3
b2 40. Rb3 Rd2 41. h4 a5 0-1

[Event "XLI Olimpiadi (San Marino)"]
[Site "Tromso NOR"]
[Date "2014.08.11"]
[Round "9.2"]
[White "Volpinari, Danilo"]
[Black "Joseph, Elton"]
[WhiteElo "2001"]
[BlackElo "1779"]
[Result "0-1"]
[Annotator "SMR-BAH"]
[PlyCount "80"]
[EventDate "2014.08.02"]

1. d4 Nf6 2. Nf3 d5 3. e3 c5 4. c4 cxd4 5. exd4 dxc4 6. Bxc4 e6 7. O-O Bd6 8.
Nc3 O-O 9. Re1 a6 10. a3 b5 11. Ba2 Bb7 12. Qe2 Qc7 13. h3 Nbd7 14. Ne5 Nb6 15.
Bd2 Rac8 16. Rac1 Qe7 17. Bg5 h6 18. Bh4 g5 19. Bg3 Kg7 20. h4 Nbd5 21. Nxd5
Nxd5 22. Bb1 Nf6 23. Rxc8 Rxc8 24. Qd3 Qe8 25. f4 gxf4 26. Bxf4 Qg8 27. Qg3+
Kh8 28. Qxg8+ Kxg8 29. Bxh6 Bxe5 30. Rxe5 Ne8 31. Rg5+ Kh8 32. Bf8 Rc1+ 33. Kh2
Rxb1 34. h5 Rxb2 35. h6 Be4 36. Bb4 Kh7 37. Bf8 Bg6 38. Rc5 Nf6 39. Rg5 Rd2 40.
Bg7 Ng8 0-1

[Event "XLI Olimpiadi (San Marino)"]
[Site "Tromso NOR"]
[Date "2014.08.11"]
[Round "9.3"]
[White "Knowles, Kendrick"]
[Black "Cecchetti, Roberto"]
[WhiteElo "1688"]
[BlackElo "1933"]
[Result "1-0"]
[Annotator "SMR-BAH"]
[PlyCount "93"]
[EventDate "2014.08.02"]

1. d4 Nf6 2. c4 d6 3. Nc3 Nbd7 4. e4 e5 5. d5 Be7 6. Bd3 c6 7. Nge2 O-O 8. O-O
Nc5 9. Bc2 a5 10. b3 Na6 11. a3 Bg4 12. Qd3 Nc5 13. Qe3 Nh5 14. f3 Bd7 15. Bd2
Nf6 16. b4 axb4 17. axb4 Na6 18. Na4 Be8 19. Nb6 Rb8 20. Ra3 Nc7 21. Rfa1 cxd5
22. exd5 Nd7 23. Qd3 f5 24. Be3 Bg6 25. f4 Bf6 26. R1a2 Na6 27. Nxd7 Qxd7 28.
Qd2 Rfc8 29. Ba4 Qd8 30. Rc2 Bf7 31. Bb5 Ra8 32. Rca2 Qc7 33. c5 dxc5 34. bxc5
Qd8 35. Bc4 Nc7 36. fxe5 Rxa3 37. Rxa3 Bxe5 38. Qa2 Qh4 39. g3 Qf6 40. d6 Ne6
41. Ra8 Rxa8 42. Qxa8+ Nf8 43. Bxf7+ Qxf7 44. Bg5 Qd5 45. Be7 Qxc5+ 46. Kf1
Bxd6 47. Qxf8# 1-0

[Event "XLI Olimpiadi (San Marino)"]
[Site "Tromso NOR"]
[Date "2014.08.11"]
[Round "9.4"]
[White "Grassi, Enrico"]
[Black "Whyms, Chappell"]
[WhiteElo "2020"]
[BlackElo "1622"]
[Result "1-0"]
[Annotator "SMR-BAH"]
[PlyCount "89"]
[EventDate "2014.08.02"]

1. e4 c6 2. d4 d5 3. exd5 cxd5 4. c4 Nc6 5. Nc3 Nf6 6. Bg5 a6 7. Bxf6 exf6 8.
cxd5 Nb4 9. a3 Nxd5 10. Bc4 Be6 11. Qb3 Nxc3 12. Bxe6 Qe7 13. bxc3 Qxe6+ 14.
Qxe6+ fxe6 15. a4 Rc8 16. Kd2 Bd6 17. Nf3 Kd7 18. Rab1 Rc7 19. Rb3 Rhc8 20. Kd3
b6 21. g3 b5 22. axb5 axb5 23. Nd2 f5 24. Rc1 e5 25. dxe5 Bxe5 26. c4 Rc5 27.
Rc2 Ke6 28. Rxb5 Rxb5 29. cxb5 Rxc2 30. Kxc2 Kd5 31. Kd3 g5 32. Nc4 Bd4 33.
Ne3+ Bxe3 34. fxe3 Kc5 35. b6 Kxb6 36. Kd4 Kc6 37. Ke5 f4 38. exf4 gxf4 39.
Kxf4 Kd6 40. Kg5 Ke6 41. Kh6 Kf6 42. h3 Kf5 43. Kxh7 Kg5 44. Kg7 Kh5 45. h4 1-0

[Event "XLI Olimpiadi (San Marino)"]
[Site "Tromso NOR"]
[Date "2014.08.12"]
[Round "10.1"]
[White "Righi, Ezio"]
[Black "Mdoe, Yusuf"]
[WhiteElo "2085"]
[BlackElo "1707"]
[Result "0-1"]
[Annotator "SMR-TAN"]
[PlyCount "98"]
[EventDate "2014.08.02"]

1. e4 c5 2. Nf3 d6 3. d4 cxd4 4. Nxd4 e6 5. Nc3 Nf6 6. Be2 Be7 7. O-O O-O 8.
Be3 a6 9. f4 Nbd7 10. g4 Nc5 11. Bd3 e5 12. Nf5 Bxf5 13. exf5 e4 14. Bc4 b5 15.
Bd5 Nxd5 16. Nxd5 Rc8 17. g5 f6 18. Qd2 Qe8 19. Rad1 Rd8 20. Qd4 b4 21. Qxb4
Rd7 22. Qc4 Kh8 23. b4 Nb7 24. Qxe4 Nd8 25. Rfe1 fxg5 26. fxg5 Nc6 27. Nxe7
Rxe7 28. Qf4 Re4 29. Qf2 Nxb4 30. c3 Rg4+ 31. Kf1 Qb5+ 32. Re2 Rxf5 33. cxb4
Rxf2+ 34. Bxf2 Rxg5 35. Rxd6 h6 36. Bc5 a5 37. a3 Qc4 38. Rde6 Qc1+ 39. Kf2
Qxa3 40. Bd4 Qxb4 41. Rxh6+ Kg8 42. Rh4 Qf8+ 43. Ke3 a4 44. Re4 a3 45. Kd3 Qb4
46. Re8+ Kh7 47. R2e4 Qb3+ 48. Bc3 Rd5+ 49. Rd4 Qb5+ 0-1

[Event "XLI Olimpiadi (San Marino)"]
[Site "Tromso NOR"]
[Date "2014.08.12"]
[Round "10.2"]
[White "Mwanyika, Geoffrey"]
[Black "Volpinari, Danilo"]
[WhiteElo "1922"]
[BlackElo "2001"]
[Result "0-1"]
[Annotator "SMR-TAN"]
[PlyCount "84"]
[EventDate "2014.08.02"]

1. e4 c6 2. Nf3 d5 3. exd5 cxd5 4. d4 Nf6 5. Nc3 Bg4 6. Bb5+ Nc6 7. Bxc6+ bxc6
8. Qd3 Bxf3 9. Qxf3 Qb6 10. Qd3 e6 11. O-O Be7 12. Na4 Qa5 13. b3 O-O 14. f3
Rac8 15. Be3 Nd7 16. f4 c5 17. c3 cxd4 18. cxd4 Rc6 19. g4 Nf6 20. g5 Ne4 21.
h4 a6 22. f5 Qb5 23. Qxb5 axb5 24. Nc5 Ng3 25. f6 Bxc5 26. Rac1 Nxf1 27. Kxf1
Bxd4 28. Rxc6 Bxe3 29. Ke2 d4 30. Kd3 Rb8 31. a4 bxa4 32. bxa4 h6 33. Rc5 hxg5
34. hxg5 gxf6 35. gxf6 Kh7 36. Ke4 Kg6 37. Ke5 d3 38. Rc3 Rd8 39. Ke4 d2 40.
Rxe3 d1=Q 41. Rg3+ Kxf6 42. Rf3+ Ke7 0-1